| Tag |
First Indicator |
Second Indicator |
Subfields |
| LEADER |
00000cam a2200000 a 4500 |
| 001 |
in00001374530 |
| 005 |
20151006082112.0 |
| 007 |
hd afv---baca |
| 007 |
hd bfv---baaa |
| 008 |
960318s1633 enk a 000 0 lat d |
| 035 |
|
|
|a (OCoLC)34382723
|
| 035 |
|
|
|9 AHJ3132AM
|
| 037 |
|
|
|a CL0036000058
|b UMI, 300 N. Zeeb Rd., Ann Arbor, MI 48103-1553
|
| 040 |
|
|
|a EBK
|c EBK
|d UtOrBLW
|
| 049 |
|
|
|a TXAI
|
| 090 |
|
|
|a BS1990
|b 1633
|
| 099 |
|
|
|a film
|a B
|a 3608
|a 1891:1.
|
| 130 |
0 |
|
|a Bible.
|p New Testament.
|l Latin.
|s Bèze.
|f 1633.
|
| 245 |
1 |
0 |
|a Iesu Christi D.N. Nouum Testamentum /
|c Theodoro Beza interprete.
|
| 246 |
3 |
3 |
|a Jesu Christi D.N. Novum Testamentum.
|
| 264 |
|
1 |
|a Londini :
|b Apud Richardum VVittakerum,
|c cI[c] I[c]c xxxiii [1633]
|
| 300 |
|
|
|a 689 pages
|
| 336 |
|
|
|a text
|b txt
|2 rdacontent
|
| 337 |
|
|
|a microform
|b h
|2 rdamedia
|
| 338 |
|
|
|a microfilm reel
|b hd
|2 rdacarrier
|
| 500 |
|
|
|a Bracketed letters in publication date printed in reverse.
|
| 500 |
|
|
|a Imperfect: stained, torn, tightly bound, and with broken type, with loss of text.
|
| 500 |
|
|
|a Signatures: A-Z¹², Aa-Ee¹², Ff¹⁰.
|
| 500 |
|
|
|a Reproduction of original in: University of Illinois (Urbana- Champaign Campus). Library.
|
| 510 |
4 |
|
|a STC (2nd ed.)
|c 2813.3
|
| 533 |
|
|
|a Microfilm.
|b Ann Arbor, Mich. :
|c UMI,
|d 1986.
|e 1 microfilm reel ; 35 mm.
|f (Early English books, 1475-1640 ; 1891:1)
|
| 539 |
|
|
|a s
|b 1986
|d miu
|e n
|g a
|
| 500 |
|
|
|a Microform.
|
| 700 |
1 |
|
|a Bèze, Théodore de,
|d 1519-1605.
|
| 830 |
|
0 |
|a Early English books, 1475-1640 ;
|v 1891:1.
|
| 999 |
|
|
|a MARS
|
| 999 |
f |
f |
|s a5a17b74-bdbe-3b5f-8dca-bcf70c40bc74
|i 6908cfc9-4b23-3e48-a621-f1d21d637ac1
|t 0
|
| 952 |
f |
f |
|p default
|a Texas A&M University
|b College Station
|c Sterling C. Evans Library
|d Evans: Microforms (3rd floor)
|t 0
|e film B 3608 1891:1.
|h Other scheme
|i microform -- microfilm reel
|
| 998 |
f |
f |
|a film B 3608 1891:1.
|t 0
|l Evans: Microforms (3rd floor)
|